Sociálny fond ako zdroj financovania sociálnej politiky podniku - tvorba sociálneho fondu
Zákon o sociálnom fonde. Pojmy zamestnávateľ, zamestnanec. Tvorba sociálneho fondu. Základ pre výpočet prídelu do sociálneho fondu. Posudzovanie výdavkov na tvorbu sociálneho fondu. Povinnosť evidencie tvorby a čerpania prostriedkov sociálneho fondu.
Gespeichert in:
| 1. Verfasser: | |
|---|---|
| Format: | Buchkapitel |
| Sprache: | Slowakisch |
| Schlagworte: | |
| Tags: |
Keine Tags, Fügen Sie das erste Tag hinzu!
|
MARC
| LEADER | 00000naa a2200000 4500 | ||
|---|---|---|---|
| 001 | 0123399 | ||
| 005 | 20231114101421.2 | ||
| 041 | 0 | |a slo | |
| 044 | |a SK | ||
| 245 | 1 | 0 | |a Sociálny fond ako zdroj financovania sociálnej politiky podniku - tvorba sociálneho fondu |c Miluška Horváthová |
| 520 | |a Zákon o sociálnom fonde. Pojmy zamestnávateľ, zamestnanec. Tvorba sociálneho fondu. Základ pre výpočet prídelu do sociálneho fondu. Posudzovanie výdavkov na tvorbu sociálneho fondu. Povinnosť evidencie tvorby a čerpania prostriedkov sociálneho fondu. | ||
| 610 | 2 | 0 | |a fond sociálny |
| 100 | 1 | |a Horváthová, Miluška | |